Epic-Troy Saga- The Horse and The Infant - Statistics

General Stats
  • This quiz has been taken 54 times
    52 since last reset
  • The average score is 62 of 66
Answer Stats
Hint Answer % Correct
What do you ___ for? fight
100%
What do you ___ for? fight
100%
I ___ for us, I ___ for us fight
100%
What do you ___ for? live
100%
(SOLDIERS) What do you __ for? live
100%
(What do you ___ for?) Penelope live
100%
Please don't ___ me do this, don't ___ me do this make
100%
Do what I __ and you'll see them again say
100%
(Yes __!) sir
100%
But now we'll be the ones who __ slay
100%
Ten years of war they killed us ____ slowly
100%
(__ sir!) Yes
100%
And Little ___ will stay back Ajax
98%
know that he will grow from a boy to an _____ avenger
98%
It's just a __ boy
98%
(ODYSSEUS) Alright my _____ listen closely brothers
98%
You can say _______ to Penelope you can say _______ to Penelope goodbye
98%
(ZEUS) The blood on your ____ is something you won't lose hands
98%
Neo, avenge your father, kill the brothers of ____! Hector
98%
(ODYSSEUS) It's just an ____ infant
98%
Find that ____ strength now inner
98%
(ODYSSEUS) ______... ______... Penelope
98%
I could ____ him as my own raise
98%
(ODYSSEUS) Say no more, I know that I'm ____ ready
98%
(ZEUS) I don't ___ you're ready think
98%
(ZEUS) I don't ___ you're ready think
98%
(What do you fight for?) I'm on my __ way
98%
__ was that? Who
98%
(What do you fight for?) _____! Attack
95%
(He will ___ your house and throne) burn
95%
|(ENSEMBLE)| (If you don't ___ him now you'll have no one left to save) end
95%
What do you fight for? Nestor, secure ___ and protect her Helen
95%
Or send him far away from ___ home
95%
(ODYSSEUS) Tell me __ how
95%
Make sure his past is never ____ known
95%
A ____ to kill someone's son mission
95%
They're growing __ and yet you're still here old
95%
And ________ Telemachus
95%
Tonight we make the ____ pay Trojans
95%
_____ anyone you have faced before unlike
95%
(ALL) All you can choose is _____ whose
95%
Think of your ___ and your children wives
95%
I'm _____ please begging
93%
Your _____ wonder where you've been families
93%
a __ who won't run foe
93%
can not be ____ outrun
93%
Use that well of ____ pride
93%
(ZEUS) This is the son of none other than ____ very own prince Hector Troy's
93%
(ZEUS) A _____ of what is to come vision
93%
(Oh, this is the ___ of the gods) will
93%
What do you ___ for? wish
93%
What do you ___ for? wish
93%
can only be ___ with right here and now dealt
91%
______ will lead the charge Diomedes
91%
(He'll find you ______ you go) wherever
89%
(He's bringing you down on your knees for __) I'd rather bleed for __, down on my knees for __ ya
89%
Agamemnon will ___ the guards flank
86%
What do you ___ for? try
86%
What do you __ for? try
86%
(What do you __ for?) Telemachus try
86%
(The ___ will make him know) gods
84%
what sort of _______ threat does he pose that I can not avoid? imminent
84%
Teucer will shoot any ____ attack ambush
80%
One _____ with rage as you're consumed by age fuelled
80%
Fight through every ___ now pain
75%
______ will let our mates through the gates to take the whole city at large Menelaus
70%
No matching quizzes found
Score Distribution
Percent of People with Each Score
Percentile by Number Answered
Your Score History
You have not taken this quiz since the last reset